[Event "9th Batavia Chess Tournament"]
[Site "Amsterdam"]
[Date "2017.02.28"]
[Round "5.1"]
[White "Timmermans, Mark"]
[Black "Baron, Tal"]
[Result "0-1"]
[BlackElo "2544"]
[WhiteElo "2415"]
[LiveChessVersion "1.4.8"]

1. e4 {[%clk 1:26:49]} c5 {[%clk 1:29:35]} 2. Nf3 {[%clk 1:27:01]} Nc6
{[%clk 1:30:04]} 3. d4 {[%clk 1:27:22]} cxd4 {[%clk 1:30:31]} 4. Nxd4
{[%clk 1:27:44]} Nf6 {[%clk 1:30:59]} 5. Nc3 {[%clk 1:28:00]} e5 {[%clk 1:31:27]}
6. Ndb5 {[%clk 1:28:25]} d6 {[%clk 1:31:54]} 7. Bg5 {[%clk 1:28:48]} a6
{[%clk 1:32:23]} 8. Na3 {[%clk 1:29:12]} b5 {[%clk 1:32:51]} 9. Bxf6
{[%clk 1:29:36]} gxf6 {[%clk 1:33:16]} 10. Nd5 {[%clk 1:30:01]} f5
{[%clk 1:33:42]} 11. c3 {[%clk 1:30:27]} Bg7 {[%clk 1:33:54]} 12. exf5
{[%clk 1:30:53]} Bxf5 {[%clk 1:34:14]} 13. Nc2 {[%clk 1:31:17]} Be6
{[%clk 1:34:33]} 14. g3 {[%clk 1:31:45]} O-O {[%clk 1:34:44]} 15. Bg2
{[%clk 1:32:11]} a5 {[%clk 1:34:13]} 16. O-O {[%clk 1:29:56]} f5 {[%clk 1:34:41]}
17. a4 {[%clk 1:29:04]} Rb8 {[%clk 1:20:55]} 18. b4 {[%clk 1:27:40]} bxa4
{[%clk 1:09:01]} 19. Rxa4 {[%clk 1:26:34]} axb4 {[%clk 1:08:37]} 20. Ncxb4
{[%clk 1:26:45]} Nxb4 {[%clk 1:07:24]} 21. Nxb4 {[%clk 1:26:25]} e4
{[%clk 0:55:57]} 22. Ra6 {[%clk 1:25:17]} Qe8 {[%clk 0:52:18]} 23. Nd5
{[%clk 1:09:23]} Qf7 {[%clk 0:44:35]} 24. c4 {[%clk 1:03:43]} Rfd8
{[%clk 0:38:37]} 25. f3 {[%clk 0:59:01]} Bxd5 {[%clk 0:36:08]} 26. cxd5
{[%clk 0:56:11]} e3 {[%clk 0:35:57]} 27. Qd3 {[%clk 0:55:46]} Re8
{[%clk 0:25:42]} 28. Re1 {[%clk 0:55:21]} Qf6 {[%clk 0:24:24]} 29. Bh3
{[%clk 0:48:15]} e2 {[%clk 0:10:19]} 30. Bxf5 {[%clk 0:39:56]} Qd4+
{[%clk 0:06:50]} 31. Kg2 {[%clk 0:40:00]} Qc3 {[%clk 0:06:43]} 32. Rxe2
{[%clk 0:33:28]} Rxe2+ {[%clk 0:05:59]} 33. Qxe2 {[%clk 0:33:54]} Rb2
{[%clk 0:05:57]} 34. Ra2 {[%clk 0:26:31]} Rxe2+ {[%clk 0:06:07]} 35. Rxe2
{[%clk 0:26:55]} Qb3 {[%clk 0:03:38]} 36. Be4 {[%clk 0:26:55]} Bd4
{[%clk 0:03:57]} 37. Rc2 {[%clk 0:26:57]} Bc5 {[%clk 0:04:17]} 38. Re2
{[%clk 0:25:45]} Kg7 {[%clk 0:04:22]} 39. h4 {[%clk 0:23:39]} Qc4
{[%clk 0:03:36]} 40. Rc2 {[%clk 0:23:24]} Qd4 {[%clk 0:03:49]} 41. Kh3
{[%clk 0:23:29]} h5 {[%clk 0:02:22]} 42. Rg2 {[%clk 0:19:31]} Qd1
{[%clk 0:01:58]} 43. Kh2 {[%clk 0:17:46]} Qe1 {[%clk 0:01:15]} 44. Bf5
{[%clk 0:16:34]} Kf6 {[%clk 0:01:04]} 45. Be6 {[%clk 0:14:46]} Bf2
{[%clk 0:28:35]} 46. f4 {[%clk 0:43:23]} Ke7 {[%clk 0:28:38]} 47. Bg8
{[%clk 0:42:58]} Bd4 {[%clk 0:27:14]} 48. Be6 {[%clk 0:41:39]} Bc5
{[%clk 0:27:38]} 49. Bg8 {[%clk 0:41:54]} Kf6 {[%clk 0:27:51]} 50. Be6
{[%clk 0:41:30]} Qd1 {[%clk 0:28:07]} 51. Kh3 {[%clk 0:36:32]} Bg1
{[%clk 0:24:36]} 52. Bc8 {[%clk 0:36:22]} Be3 {[%clk 0:24:23]} 53. Be6
{[%clk 0:36:26]} Qh1+ {[%clk 0:24:32]} 54. Rh2 {[%clk 0:36:52]} Qf3
{[%clk 0:24:41]} 55. Rg2 {[%clk 0:33:50]} Bxf4 {[%clk 0:25:05]} 56. Kh2
{[%clk 0:34:16]} Be3 {[%clk 0:25:23]} 57. Kh3 {[%clk 0:34:15]} Ke5
{[%clk 0:25:04]} 58. Kh2 {[%clk 0:34:02]} Qf1 {[%clk 0:25:00]} 59. Bh3
{[%clk 0:33:43]} Bf2 {[%clk 0:25:11]} 60. g4 {[%clk 0:34:03]} Be3
{[%clk 0:25:09]} 61. Rg3 {[%clk 0:34:14]} Qf2+ {[%clk 0:25:32]} 62. Rg2
{[%clk 0:34:26]} Bf4+ {[%clk 0:26:00]} 0-1

[Event "9th Batavia Chess Tournament"]
[Site "Amsterdam"]
[Date "2017.02.28"]
[Round "5.2"]
[White "Brink, Barry"]
[Black "Van Foreest, Lucas"]
[Result "0-1"]
[BlackElo "2453"]
[WhiteElo "2309"]
[LiveChessVersion "1.4.8"]

1. d4 {[%clk 1:27:49]} Nf6 {[%clk 1:30:47]} 2. c4 {[%clk 1:28:11]} e6
{[%clk 1:30:49]} 3. Nc3 {[%clk 1:28:19]} Bb4 {[%clk 1:30:47]} 4. Qc2
{[%clk 1:28:31]} O-O {[%clk 1:31:08]} 5. Nf3 {[%clk 1:28:52]} c5 {[%clk 1:31:15]}
6. dxc5 {[%clk 1:28:21]} Na6 {[%clk 1:31:44]} 7. g3 {[%clk 1:27:25]} Nxc5
{[%clk 1:32:10]} 8. Bg2 {[%clk 1:27:25]} Nfe4 {[%clk 1:32:39]} 9. O-O
{[%clk 1:27:26]} Bxc3 {[%clk 1:33:07]} 10. bxc3 {[%clk 1:27:35]} f5
{[%clk 1:22:58]} 11. Nd2 {[%clk 1:10:53]} Nxd2 {[%clk 1:13:47]} 12. Bxd2
{[%clk 1:10:50]} Qc7 {[%clk 1:03:49]} 13. Be3 {[%clk 1:09:24]} Rb8
{[%clk 0:59:04]} 14. Qb2 {[%clk 0:56:54]} b6 {[%clk 0:58:49]} 15. Qa3
{[%clk 0:57:12]} Bb7 {[%clk 0:50:05]} 16. Bxc5 {[%clk 0:52:59]} Qxc5
{[%clk 0:50:32]} 17. Qxc5 {[%clk 0:53:19]} bxc5 {[%clk 0:50:59]} 18. Rfd1
{[%clk 0:52:58]} Bc8 {[%clk 0:46:00]} 19. e3 {[%clk 0:45:47]} Kf7
{[%clk 0:44:26]} 20. Rab1 {[%clk 0:45:45]} Rxb1 {[%clk 0:44:41]} 21. Rxb1
{[%clk 0:46:13]} Ba6 {[%clk 0:45:04]} 22. Bf1 {[%clk 0:46:26]} Rc8
{[%clk 0:45:19]} 23. f4 {[%clk 0:41:17]} Ke7 {[%clk 0:44:29]} 24. Kf2
{[%clk 0:39:12]} Rc7 {[%clk 0:42:23]} 25. Be2 {[%clk 0:39:00]} Kd8
{[%clk 0:32:05]} 26. Ke1 {[%clk 0:37:28]} Kc8 {[%clk 0:32:27]} 27. Kd2
{[%clk 0:37:45]} Rc6 {[%clk 0:32:55]} 28. Rg1 {[%clk 0:32:58]} Bb7
{[%clk 0:31:46]} 29. Bd3 {[%clk 0:21:36]} Rd6 {[%clk 0:31:34]} 30. Kc2
{[%clk 0:15:19]} Ra6 {[%clk 0:32:02]} 31. Kb2 {[%clk 0:14:19]} Rd6
{[%clk 0:31:34]} 32. Kc2 {[%clk 0:14:42]} g6 {[%clk 0:31:46]} 33. Re1
{[%clk 0:11:57]} Ra6 {[%clk 0:24:22]} 34. Kb2 {[%clk 0:11:54]} Rb6+
{[%clk 0:24:50]} 35. Kc2 {[%clk 0:11:38]} a5 {[%clk 0:24:04]} 36. e4
{[%clk 0:08:37]} a4 {[%clk 0:18:31]} 37. e5 {[%clk 0:08:12]} a3 {[%clk 0:16:12]}
38. Rb1 {[%clk 0:08:34]} Rxb1 {[%clk 0:16:36]} 39. Kxb1 {[%clk 0:08:59]} Bc6
{[%clk 0:16:59]} 40. Bc2 {[%clk 0:02:27]} d6 {[%clk 0:15:14]} 41. exd6
{[%clk 0:02:37]} Kd7 {[%clk 0:15:31]} 42. Kc1 {[%clk 0:02:54]} Kxd6
{[%clk 0:15:19]} 43. Kd2 {[%clk 0:03:19]} e5 {[%clk 0:15:18]} 44. Ke3
{[%clk 0:01:31]} Ke6 {[%clk 0:15:42]} 45. h4 {[%clk 0:24:30]} Kf6
{[%clk 0:45:52]} 46. Bb3 {[%clk 0:16:43]} Be4 {[%clk 0:46:17]} 47. Bd1
{[%clk 0:16:27]} Bb1 {[%clk 0:45:54]} 48. Bb3 {[%clk 0:15:47]} h6
{[%clk 0:44:24]} 49. Kf2 {[%clk 0:08:27]} g5 {[%clk 0:44:35]} 0-1

[Event "9th Batavia Chess Tournament"]
[Site "Amsterdam"]
[Date "2017.02.28"]
[Round "5.3"]
[White "Fier, Alexandr"]
[Black "Leenhouts, Koen"]
[Result "1-0"]
[BlackElo "2487"]
[WhiteElo "2581"]
[LiveChessVersion "1.4.8"]

1. e4 {[%clk 1:30:58]} c5 {[%clk 1:30:53]} 2. Nf3 {[%clk 1:31:26]} e6
{[%clk 1:31:16]} 3. d4 {[%clk 1:31:53]} cxd4 {[%clk 1:31:39]} 4. Nxd4
{[%clk 1:32:21]} Nc6 {[%clk 1:31:59]} 5. Nc3 {[%clk 1:32:48]} Qc7
{[%clk 1:32:20]} 6. Be3 {[%clk 1:33:14]} a6 {[%clk 1:32:38]} 7. Qf3
{[%clk 1:33:41]} Nf6 {[%clk 1:32:24]} 8. O-O-O {[%clk 1:34:05]} Ne5
{[%clk 1:32:08]} 9. Qg3 {[%clk 1:34:26]} b5 {[%clk 1:32:18]} 10. f4
{[%clk 1:34:52]} Neg4 {[%clk 1:32:39]} 11. Bg1 {[%clk 1:35:17]} h5
{[%clk 1:31:38]} 12. e5 {[%clk 1:35:26]} b4 {[%clk 1:31:19]} 13. Na4
{[%clk 1:35:52]} Nd5 {[%clk 1:29:19]} 14. h3 {[%clk 1:36:19]} Nh6
{[%clk 1:29:04]} 15. Bd3 {[%clk 1:36:46]} g6 {[%clk 1:25:22]} 16. Be4
{[%clk 1:36:43]} Bb7 {[%clk 1:24:33]} 17. Qf3 {[%clk 1:37:09]} Nf5
{[%clk 1:18:01]} 18. Nxf5 {[%clk 1:30:52]} gxf5 {[%clk 1:18:13]} 19. Bxd5
{[%clk 1:31:18]} Bxd5 {[%clk 1:18:28]} 20. Rxd5 {[%clk 1:31:44]} exd5
{[%clk 1:18:25]} 21. Nb6 {[%clk 1:32:08]} Rb8 {[%clk 1:05:32]} 22. Nxd5
{[%clk 1:32:30]} Qc6 {[%clk 1:05:24]} 23. Bf2 {[%clk 1:27:24]} Be7
{[%clk 0:54:23]} 24. Rd1 {[%clk 1:25:56]} a5 {[%clk 0:46:19]} 25. Qd3
{[%clk 1:24:51]} a4 {[%clk 0:38:47]} 26. Nxe7 {[%clk 1:18:00]} Kxe7
{[%clk 0:38:59]} 27. Qxf5 {[%clk 1:18:25]} b3 {[%clk 0:33:38]} 28. axb3
{[%clk 1:18:48]} axb3 {[%clk 0:34:01]} 29. Rxd7+ {[%clk 1:19:08]} 1-0

[Event "9th Batavia Chess Tournament"]
[Site "Amsterdam"]
[Date "2017.02.28"]
[Round "5.5"]
[White "Lobron, Eric"]
[Black "Lai, Hing Ting"]
[Result "1/2-1/2"]
[BlackElo "2392"]
[WhiteElo "2528"]
[LiveChessVersion "1.4.8"]

1. e4 {[%clk 1:29:44]} c6 {[%clk 1:30:54]} 2. d4 {[%clk 1:28:43]} d5
{[%clk 1:31:18]} 3. Nd2 {[%clk 1:28:59]} dxe4 {[%clk 1:31:42]} 4. Nxe4
{[%clk 1:29:21]} Bf5 {[%clk 1:32:04]} 5. Ng3 {[%clk 1:29:41]} Bg6
{[%clk 1:32:32]} 6. h4 {[%clk 1:30:03]} h6 {[%clk 1:32:52]} 7. Nf3
{[%clk 1:30:24]} Nd7 {[%clk 1:33:15]} 8. h5 {[%clk 1:30:46]} Bh7 {[%clk 1:33:39]}
9. Bd3 {[%clk 1:31:13]} Bxd3 {[%clk 1:34:01]} 10. Qxd3 {[%clk 1:31:37]} e6
{[%clk 1:34:26]} 11. Bd2 {[%clk 1:31:35]} Ngf6 {[%clk 1:34:48]} 12. O-O-O
{[%clk 1:31:56]} Be7 {[%clk 1:35:13]} 13. Kb1 {[%clk 1:28:51]} O-O
{[%clk 1:35:10]} 14. Ne4 {[%clk 1:28:20]} Nxe4 {[%clk 1:34:38]} 15. Qxe4
{[%clk 1:28:41]} Nf6 {[%clk 1:35:03]} 16. Qe2 {[%clk 1:29:05]} Qd5
{[%clk 1:35:26]} 17. Be3 {[%clk 1:29:29]} b5 {[%clk 1:28:21]} 18. Ne5
{[%clk 1:21:38]} Bd6 {[%clk 1:26:45]} 19. Nd3 {[%clk 0:33:26]} a5
{[%clk 1:18:44]} 20. f3 {[%clk 0:33:10]} a4 {[%clk 1:13:00]} 21. g4
{[%clk 0:26:49]} Qc4 {[%clk 1:09:13]} 22. g5 {[%clk 0:15:07]} Nd5
{[%clk 1:05:20]} 23. gxh6 {[%clk 0:12:34]} a3 {[%clk 1:01:55]} 24. b3
{[%clk 0:01:38]} Nc3+ {[%clk 1:02:03]} 25. Ka1 {[%clk 0:02:07]} Nxe2
{[%clk 1:02:23]} 26. bxc4 {[%clk 0:02:36]} bxc4 {[%clk 1:02:29]} 27. hxg7
{[%clk 0:02:35]} Rfb8 {[%clk 0:55:24]} 28. Nc5 {[%clk 0:02:27]} Rb2
{[%clk 0:51:18]} 29. Ne4 {[%clk 0:01:26]} f5 {[%clk 0:51:47]} 30. Rd2
{[%clk 0:01:15]} fxe4 {[%clk 0:49:25]} 31. Rxe2 {[%clk 0:01:44]} Rab8
{[%clk 0:39:11]} 32. h6 {[%clk 0:01:39]} exf3 {[%clk 0:36:20]} 33. Rf2
{[%clk 0:01:20]} Kh7 {[%clk 0:30:57]} 34. g8=Q+ Rxg8 {[%clk 0:30:48]} 35. Rxf3
{[%clk 0:01:06]} Rxc2 {[%clk 0:22:54]} 36. Bc1 {[%clk 0:00:40]} Rf8
{[%clk 0:19:16]} 37. Rxf8 {[%clk 0:00:39]} Bxf8 {[%clk 0:19:44]} 38. Kb1
{[%clk 0:01:03]} Rc3 {[%clk 0:16:51]} 39. Rh4 {[%clk 0:00:37]} Rf3
{[%clk 0:12:27]} 40. Re4 {[%clk 0:01:01]} Rf6 {[%clk 0:08:28]} 41. Re2
{[%clk 0:25:06]} Bxh6 {[%clk 0:35:00]} 42. Bxa3 {[%clk 0:18:39]} Rf3
{[%clk 0:31:43]} 43. Bc1 {[%clk 0:14:25]} Rf1 {[%clk 0:27:40]} 1/2-1/2